| 000 | 00530pab a2200193 454500 | ||
|---|---|---|---|
| 008 | 180718b2014 xxu||||| |||| 00| 0 eng d | ||
| 100 | _aSumner, Daniel A. | ||
| 245 | _aAmerican farms keep growing: Size, productivity, and policy | ||
| 260 | _c2014 | ||
| 300 | _ap.147-166. | ||
| 362 | _aWinter | ||
| 650 | _aaaaaaaaaaaaaaaAgricultural policy | ||
| 650 | _aAgricultural productivity | ||
| 650 | _aAgriculture | ||
| 650 | _aFarm size | ||
| 773 | _aThe Journal of Economic Perspectives | ||
| 908 | _aN | ||
| 909 | _a104039 | ||
| 999 |
_c104035 _d104035 |
||